00498nam a2200193Ia 4500008004100000020001800041050001700059050001800076100002000094245004500114245002000159250001700179260001700196260003400213260000900247300001700256300001100273500002000284180523s9999 xx 000 0 und d a981-247-162-6 aMAIN QC 21.2 b.Y68 2004 c.2 aYoung, Hugh D.  0aUniversity physics with modern physics / 0cYoung, Hugh D.  a11th Edition aSingapore :  bPearson Education South Asia, c2004 a1703 pages : c26 cm. aIncludes index.